| 000 | 00740nam a2200205 i 4500 | ||
|---|---|---|---|
| 001 | 125236 | ||
| 003 | ES-MaACL | ||
| 005 | 20250825062603.0 | ||
| 007 | t| | ||
| 008 | 070508s1927 sp ||||1| spa d | ||
| 100 | 1 |
_aFernández Ardavín, Luis, _d1891-1962 _949469 |
|
| 245 | 1 | 3 |
_aEl doncel romántico _b: folletín escénico en cinco capítulos y en verso / _cL. Fernández Ardavín. |
| 260 |
_aMadrid : _bPrensa Moderna, _c1927. |
||
| 300 |
_a110 p. ; _c17 cm. |
||
| 490 | 1 |
_aEl Teatro moderno ; _v101 |
|
| 500 | _aEstrenado en el Teatro de la Princesa, de Madrid, el día 18 de noviembre de 1922. | ||
| 830 | 0 | 3 |
_aEl teatro moderno (Prensa Moderna) _v101 _9182365 |
| 852 |
_aES-MaACL _j2218-F-16 _bR.140663 |
||
| 999 |
_c125236 _d125236 |
||